Top 100 Best Movies (1990-Now) - Statistiques

Statistiques générales
  • Ce quiz a été pris 230 fois
  • Le résultat moyen est 10 sur 100
Statistiques - réponses
Hint Réponse % Correct
1997 Titanic
75%
2014 interstellar
52%
1994 Pulp fiction
47%
1999 Fight club
45%
2005 Star wars
45%
1994 Forrest gump
41%
2010 inception
41%
2012 Avengers
36%
2003 kill Bill
30%
2008 The dark knight
28%
2016 La la land
25%
2002 Spiderman
24%
2000 Gladiator
21%
1999 matrix
21%
2012 Django unchained
20%
2010 Shutter island
19%
2019 Once upon a time in Hollywood
18%
2000 memento
16%
2000 Memento
16%
2014 Whiplash
16%
2009 Inglorious basterds
15%
1998 The Truman show
15%
1994 Les évadés
13%
2015 The revenant
13%
2013 Le loup de Wall street
12%
2000 Requiem for a dream
12%
2001 fast and furious
11%
2007 No country for old men
11%
2017 Get out
10%
2013 Prisoners
10%
1999 American history x
9%
2014 Gone girl
9%
2014 John wick
9%
1990 Pretty woman
9%
2022 Babylon
8%
2018 Green book
8%
1991 Le silence des agneaux
8%
1997 La vie est belle
7%
2006 le prestige
7%
2003 Old boy
7%
1994 The mask
7%
2004 Saw
6%
1997 Will hunting
6%
2018 A star is born
5%
2004 Million dollar baby
5%
2008 Slumdog millionaire
5%
2017 Baby driver
4%
1990 Edward aux mains d'argent
4%
2013 Gravity
4%
2003 Pirates des caraibes
4%
2017 The greatest showman
4%
2001 Vanilla sky
4%
2009 Very bad trip
4%
2005 V for vendetta
4%
2002 8 mile
3%
2002 Arrete moi si tu peux
3%
2005 Charlie et la chocolaterie
3%
2015 Creed
3%
2015 Sicario
3%
2000 Snatch
3%
2008 Taken
3%
2013 World war z
3%
2010 127 heures
2%
2012 21 jump street
2%
2006 A la recherche du bonheur
2%
2014 American sniper
2%
2006 Blood diamond
2%
2007 Ecrire pour exister
2%
2008 Hancock
2%
2000 Incassable
2%
2012 Jack Reacher
2%
2014 Kingsman
2%
2012 L'odyssée de Pi
2%
2003 Mystic river
2%
2013 No pain no gain
2%
2000 O brother
2%
2011 Paul
2%
2016 Premier contact
2%
1996 Roméo + Juliette
2%
2015 Room
2%
1999 Sixième sens
2%
2014 The equalizer
2%
2001 Training day
2%
2012 Chronicle
1%
2005 Coach Carter
1%
2012 Dark shadows
1%
1992 Des hommes d'honneur
1%
2015 Diversion
1%
1993 Gilbert Grape
1%
2012 Happiness therapy
1%
2011 Identité secrète
1%
2010 kick ass
1%
2010 L'apprenti sorcier
1%
2015 La rage au ventre
1%
2011 Le flingueur
1%
2013 Malavita
1%
2012 Projet X
1%
1998 Rencontre avec Joe Black
1%
2019 The gentlemen
1%
2022 Triangle of sadness
1%
Aucun quiz correspondant
Distribution des résultats
% des personnes avec chaque résultat
Percentile par nombre de réponses
Votre historique - résultats
Vous n’avez pas pris ce quiz